000
00295nam a22001457a 4500
999
_c
54940
_d
54940
008
190926b ||||| |||| 00| 0 eng d
020
_a
9780073532479
041
_a
eng
080
_a
304
082
_a
304
100
_a
9
101
_a
ECO
245
_a
Ecology
_c
Stiling.P
942
_2
udc
_c
BK